|
|
|
|
| LEADER |
00956nam a22002417a 4500 |
| 001 |
36140 |
| 003 |
BD-DhAAL |
| 005 |
20211130145854.0 |
| 008 |
191017t1964 nyu b eng d |
| 999 |
|
|
|c 41620
|d 41620
|
| 040 |
|
|
|a BD-DhAAL
|
| 082 |
|
|
|a 370.19
|2 20
|
| 245 |
|
|
|a Educational planning /
|c Don Adams
|
| 260 |
|
|
|a New York :
|b Syracuse University All-University School of Education Center for Development Education,
|c 1964.
|
| 300 |
|
|
|a 152 pages ;
|c 23 cm.
|
| 504 |
|
|
|a Includes bibliographical references.
|
| 526 |
|
|
|a BIED
|
| 541 |
|
|
|a Complimentary copy from BIED
|e 36140
|
| 650 |
|
|
|a Education
|x Aims and objectives.
|9 36069
|
| 700 |
|
|
|a Adams, Don
|9 36070
|
| 852 |
|
|
|a Ayesha Abed Library
|c BIED Collection
|
| 942 |
|
|
|2 ddc
|c BK
|
| 952 |
|
|
|0 0
|1 0
|2 ddc
|4 0
|6 370_190000000000000_EDU
|7 0
|9 66746
|a BRACUL
|b BRACUL
|c GEN
|d 2019-10-17
|e Complimentary copy from BIED
|l 0
|o 370.19 EDU
|p 3010036140
|r 2019-10-17
|t 1
|w 2019-10-17
|y BK
|x Transferred from BIED to General Stacks
|